Verpixelte Filmplakate - Statistiken

Allgemein
  • Dieses Quiz wurde 256 mal gespielt
  • Das Durchschnittsergebnis liegt bei 9 aus 20
Antwortstatistiken
Bildquiz Antwort % Korrekt
Luca
96%
Forrest Gump
92%
Mamma Mia
82%
Alles steht Kopf
81%
La La Land
72%
Rapunzel
67%
The Trueman Show
52%
Black Swan
50%
Dead Poets Society
43%
Mein Nachbar Totoro
33%
Midsommar
30%
10 things I hate about you
28%
Corpse Bride
28%
your name
28%
The Grand Budapest Hotel
26%
Little Women
24%
Gone Girl
23%
The Notebook
23%
Die Verurteilten
17%
Fantastic Mr. Fox
7%
Keine übereinstimmenden Quizze gefunden
Verteilung der Resultate
Anzahl Personen mit jedem Resultat
Perzentil nach korrekt beantworteten Fragen
Ihre Resultats-Entwicklung
Sie haben dieses Quiz noch nicht gespielt